[Event "M.Chigorin Memorial"]
[Site "St. Petersburg RUS"]
[Date "2009.10.18"]
[Round "3.56"]
[White "Zontakh, Andrey"]
[Black "Poghosyan, Suren"]
[Result "1/2-1/2"]
[WhiteElo "2540"]
[BlackElo "2255"]
[PlyCount "152"]
[EventDate "2009.??.??"]

1. d4 Nf6 2. c4 e6 3. g3 d5 4. Nf3 Bb4+ 5. Nc3 O-O 6. Bg2 dxc4 7. O-O c5 8. a3
Bxc3 9. bxc3 Nc6 10. Qc2 cxd4 11. cxd4 Nxd4 12. Nxd4 Qxd4 13. Be3 Qe5 14. Qxc4
Qa5 15. Rfd1 Nd5 16. Bd2 Qa6 17. Qxa6 bxa6 18. e4 Nb6 19. Bb4 Re8 20. e5 Nd5
21. Bxd5 exd5 22. Rxd5 Be6 23. Rd6 Bc4 24. f4 h5 25. Re1 Rab8 26. Rd7 a5 27.
Bxa5 Rb3 28. Bb4 a5 29. Bd6 Rb2 30. Ra7 Bd5 31. Rxa5 Ba8 32. Rc1 Rg2+ 33. Kf1
Rxh2 34. Rac5 Kh7 35. R1c2 Rh1+ 36. Kf2 Rh2+ 37. Ke1 Rxc2 38. Rxc2 Kg6 39. Kf2
Kf5 40. Rc7 Bd5 41. Ke3 g5 42. fxg5 Kxg5 43. Kd4 Be6 44. Rc3 Ra8 45. Ke3 Kg4
46. Kf2 Ra6 47. Rf3 Rb6 48. Bb4 Rc6 49. Rf4+ Kg5 50. Bd2 Kg6 51. Rf6+ Kg7 52.
Rf3 Rc2 53. Ke1 Rc4 54. Bc3 Kg6 55. Kf2 Bf5 56. Re3 Kg5 57. Kf3 Be6 58. Kf2 Bd5
59. Rd3 Kf5 60. Rxd5 Rxc3 61. a4 Ra3 62. a5 Ke4 63. Rb5 Ra2+ 64. Ke1 Kf3 65. e6
fxe6 66. Rxh5 Kxg3 67. Kd1 Kf4 68. Kc1 e5 69. Rh4+ Kg5 70. Rb4 Rxa5 71. Kd2 Kf5
72. Ke3 Ra3+ 73. Ke2 Rh3 74. Ra4 Rg3 75. Rc4 e4 76. Rc8 Kf4 1/2-1/2

[Event "M.Chigorin Memorial"]
[Site "St. Petersburg RUS"]
[Date "2009.10.18"]
[Round "3.57"]
[White "Magomedov, Magaram"]
[Black "Kaganskiy, Gleb"]
[Result "1-0"]
[WhiteElo "2532"]
[BlackElo "2248"]
[PlyCount "70"]
[EventDate "2009.??.??"]

1. d4 d5 2. c4 c6 3. Nf3 Nf6 4. Nc3 e6 5. e3 Nbd7 6. Bd3 dxc4 7. Bxc4 b5 8. Bd3
Bb7 9. a3 a6 10. b4 a5 11. Rb1 axb4 12. axb4 Nd5 13. Nxd5 exd5 14. e4 dxe4 15.
Bxe4 Nf6 16. Bg5 Be7 17. Bxf6 Bxf6 18. O-O O-O 19. Qc2 g6 20. Bxc6 Rc8 21. d5
Bxc6 22. dxc6 Qe7 23. Rfc1 Rc7 24. Qc5 Qxc5 25. Rxc5 Rb8 26. g3 Rb6 27. Rbc1
Be7 28. Rd5 Rbxc6 29. Rxc6 Rxc6 30. Rxb5 Rc1+ 31. Kg2 Rb1 32. Rb8+ Kg7 33. b5
Rb2 34. Ne5 Bf6 35. Nc4 Rb4 {Çàïèñü íåðàçáîð~~èâà} 1-0

[Event "M.Chigorin Memorial"]
[Site "St. Petersburg RUS"]
[Date "2009.10.18"]
[Round "3.58"]
[White "Yakimenko, Alexander A"]
[Black "Shimanov, Aleksandr"]
[Result "0-1"]
[WhiteElo "2240"]
[BlackElo "2508"]
[PlyCount "94"]
[EventDate "2009.??.??"]

1. d4 Nf6 2. c4 g6 3. Nc3 Bg7 4. e4 O-O 5. Nf3 d6 6. Be2 e5 7. O-O Nc6 8. d5
Ne7 9. Ne1 Nd7 10. Nd3 f5 11. Bg5 h6 12. Bxe7 Qxe7 13. b4 Nf6 14. f3 h5 15. Re1
Bh6 16. Bf1 h4 17. Rb1 a5 18. a3 axb4 19. axb4 Kg7 20. Qe2 Bd7 21. Ra1 Nh5 22.
Qf2 Qg5 23. Rad1 Ng3 24. Qb2 Kh7 25. Nf2 Nh5 26. Kh1 Qd8 27. c5 Qe7 28. Nd3 h3
29. gxh3 fxe4 30. fxe4 Qh4 31. Bg2 g5 32. Rf1 g4 33. Rxf8 Rxf8 34. Qe2 g3 35.
Rf1 gxh2 36. Kxh2 Bxh3 37. Qe1 Qxe1 38. Rxe1 Bxg2 39. Kxg2 Bd2 40. Nb5 Bxe1 41.
Nxe1 dxc5 42. bxc5 c6 43. dxc6 bxc6 44. Na7 Nf4+ 45. Kg3 Ne2+ 46. Kg2 Nd4 47.
Nd3 Ra8 0-1

[Event "M.Chigorin Memorial"]
[Site "St. Petersburg RUS"]
[Date "2009.10.18"]
[Round "3.59"]
[White "Pavlov, Sergey"]
[Black "Khojayan, Vardan"]
[Result "1-0"]
[WhiteElo "2509"]
[BlackElo "2229"]
[PlyCount "61"]
[EventDate "2009.??.??"]

1. c4 c5 2. Nf3 Nc6 3. Nc3 Nf6 4. d4 cxd4 5. Nxd4 e6 6. a3 a6 7. e4 Qc7 8. Be3
Be7 9. Be2 O-O 10. Rc1 Rd8 11. O-O Bd6 12. g3 Be5 13. Na4 Nxe4 14. Nf3 Rf8 15.
Nxe5 Nxe5 16. Qd4 f5 17. Bf4 d6 18. f3 Nc6 19. Qb6 Qd7 20. fxe4 e5 21. Be3 f4
22. gxf4 Qh3 23. f5 Rf6 24. Bf3 d5 25. Bg2 Qh5 26. cxd5 Nd4 27. Qd8+ Rf8 28.
Qg5 Qxg5 29. Bxg5 Ne2+ 30. Kh1 Nxc1 31. Nb6 1-0

[Event "M.Chigorin Memorial"]
[Site "St. Petersburg RUS"]
[Date "2009.10.18"]
[Round "3.60"]
[White "Tovmasian, Vardges"]
[Black "Makarov, Marat"]
[Result "0-1"]
[WhiteElo "2228"]
[BlackElo "2505"]
[PlyCount "64"]
[EventDate "2009.??.??"]

1. d4 Nf6 2. c4 d6 3. Nc3 c6 4. Nf3 Nbd7 5. Bf4 Qa5 6. h3 e5 7. Bh2 Ne4 8. Qc2
Nxc3 9. Qxc3 Qxc3+ 10. bxc3 f6 11. e3 c5 12. Bd3 Be7 13. Nd2 O-O 14. f4 exd4
15. cxd4 cxd4 16. exd4 f5 17. Nf3 Nb8 18. Rb1 Bf6 19. Kd2 Nc6 20. Bg1 b6 21. c5
dxc5 22. Bc4+ Kh8 23. dxc5 Na5 24. Bd3 Be6 25. cxb6 axb6 26. Ne5 Bxa2 27. Rxb6
Bd5 28. Nd7 Rfd8 29. Nxf6 Bxg2 30. Rh2 Bf1 31. Re2 Nc4+ 32. Ke1 Bxe2 0-1

[Event "M.Chigorin Memorial"]
[Site "St. Petersburg RUS"]
[Date "2009.10.18"]
[Round "3.61"]
[White "Lintchevski, Daniil"]
[Black "Gromova, Iulia"]
[Result "1-0"]
[WhiteElo "2499"]
[BlackElo "2227"]
[PlyCount "49"]
[EventDate "2009.??.??"]

1. e4 c6 2. d4 d5 3. Nc3 dxe4 4. Nxe4 Bf5 5. Ng3 Bg6 6. h4 h6 7. Nf3 Nd7 8. h5
Bh7 9. Bd3 Bxd3 10. Qxd3 Qc7 11. Bd2 Ngf6 12. O-O-O e6 13. Ne4 O-O-O 14. g3
Nxe4 15. Qxe4 Nf6 16. Qe2 Bd6 17. c4 c5 18. Bc3 cxd4 19. Rxd4 Rhe8 20. Kb1 Qc6
21. Rc1 Nxh5 22. c5 Bc7 23. Rd6 Bxd6 24. cxd6 Qd5 25. Be5+ 1-0

[Event "M.Chigorin Memorial"]
[Site "St. Petersburg RUS"]
[Date "2009.10.18"]
[Round "3.62"]
[White "Tunik, Gennady"]
[Black "Pogosian, Vladimir"]
[Result "1-0"]
[WhiteElo "2493"]
[BlackElo "2223"]
[PlyCount "73"]
[EventDate "2009.??.??"]

1. d4 d6 2. e4 Nd7 3. Nf3 c6 4. Bd3 e5 5. c3 Ngf6 6. O-O Be7 7. Re1 Qc7 8. Nbd2
Nf8 9. Nf1 Ne6 10. Ng3 h5 11. Nf5 g6 12. Nxe7 Qxe7 13. dxe5 dxe5 14. Nxe5 Nc5
15. Nf3 Ng4 16. Bc4 Be6 17. Bxe6 Nxe6 18. h3 Rd8 19. Qe2 Nc5 20. e5 Ne6 21. g3
Nh6 22. Bxh6 Rxh6 23. Qe3 g5 24. h4 Rg6 25. hxg5 Nxg5 26. Nh4 Rg8 27. Rad1 b6
28. f4 Ne6 29. Kh2 Nc5 30. Qf3 Qe6 31. b3 Rxd1 32. Rxd1 Qg4 33. Qxc6+ Kf8 34.
Rd8+ Kg7 35. Qf6+ Kh7 36. Qxf7+ Rg7 37. Qf5+ 1-0

[Event "M.Chigorin Memorial"]
[Site "St. Petersburg RUS"]
[Date "2009.10.18"]
[Round "3.63"]
[White "Kopasov, Alexander"]
[Black "Kovalenko, Igor"]
[Result "0-1"]
[WhiteElo "2227"]
[BlackElo "2484"]
[PlyCount "96"]
[EventDate "2009.??.??"]

1. d4 Nf6 2. c4 e6 3. Nf3 c5 4. d5 b5 5. Bg5 h6 6. Bxf6 Qxf6 7. Nc3 bxc4 8. e4
Ba6 9. e5 Qd8 10. dxe6 dxe6 11. Qxd8+ Kxd8 12. O-O-O+ Kc7 13. Nd2 Nc6 14. Bxc4
Bb7 15. f4 Rd8 16. Nde4 Nd4 17. Rhe1 Be7 18. Nb5+ Nxb5 19. Bxb5 Rxd1+ 20. Kxd1
Rd8+ 21. Kc2 Rd4 22. Nc3 Rxf4 23. Rf1 Bg5 24. g3 Rxf1 25. Bxf1 Be3 26. Nb5+ Kd7
27. Nd6 Bd5 28. Nxf7 Bg1 29. h3 Bh2 30. g4 a5 31. Nd6 Bxe5 32. Nc4 Bc7 33. Kd3
Ke7 34. Ke3 Kf6 35. h4 Bg3 36. Nxa5 Bxa2 37. Nb7 Bh2 38. Kf2 Be5 39. Ke3 Bd4+
40. Kd3 Bd5 41. Nd6 Ke5 42. Nc4+ Kf4 43. Be2 e5 44. b3 e4+ 45. Kd2 e3+ 46. Ke1
Kg3 47. h5 Bc3+ 48. Kd1 Kf2 0-1

[Event "M.Chigorin Memorial"]
[Site "St. Petersburg RUS"]
[Date "2009.10.18"]
[Round "3.64"]
[White "Karalkin, Maksim"]
[Black "Tihonov, Jurij"]
[Result "1/2-1/2"]
[WhiteElo "2222"]
[BlackElo "2460"]
[PlyCount "99"]
[EventDate "2009.??.??"]

1. e4 c5 2. c3 d5 3. exd5 Qxd5 4. Nf3 g6 5. Na3 Bg7 6. Bc4 Qd8 7. Qb3 e6 8. d4
cxd4 9. Bg5 Nf6 10. Nb5 O-O 11. Nbxd4 Nbd7 12. O-O h6 13. Bh4 g5 14. Bg3 Ne4
15. Rad1 Nxg3 16. hxg3 Qc7 17. Nb5 Qc5 18. Nd6 Nb6 19. Bd3 Bd7 20. Bb5 Bxb5 21.
Nxb5 Nc4 22. Nd2 Na5 23. Qa4 Nc6 24. Ne4 Qe7 25. Qc4 Rac8 26. Qe2 a6 27. Nbd6
Rc7 28. Nc4 f5 29. Ned2 e5 30. Nb6 Qe6 31. Ndc4 e4 32. Rd6 Qf7 33. Rfd1 Re7 34.
Rd7 Nb8 35. Nd6 Qe6 36. Rxe7 Qxe7 37. Qc4+ Kh8 38. g4 fxg4 39. Nxe4 Be5 40. Rd5
Bc7 41. Nd7 Nxd7 42. Qxc7 Qxe4 43. Rxd7 Qf5 44. Kh1 Re8 45. Rd8 Rxd8 46. Qxd8+
Kg7 47. Qe7+ Kg6 48. Qe8+ Qf7 49. Qe4+ Qf5 50. Qe8+ 1/2-1/2

[Event "M.Chigorin Memorial"]
[Site "St. Petersburg RUS"]
[Date "2009.10.18"]
[Round "3.65"]
[White "Ovod, Evgenija"]
[Black "Kurukin, Dmitry"]
[Result "1-0"]
[WhiteElo "2447"]
[BlackElo "2222"]
[PlyCount "121"]
[EventDate "2009.??.??"]

1. d4 Nf6 2. c4 e6 3. Nc3 Bb4 4. f3 O-O 5. a3 Bxc3+ 6. bxc3 Nh5 7. Nh3 f5 8. e3
d6 9. Nf2 Nc6 10. Bd3 e5 11. d5 Na5 12. Qc2 Kh8 13. g3 b6 14. a4 g6 15. Ba3 Ba6
16. Bb4 c5 17. Bxa5 bxa5 18. g4 Ng7 19. h4 f4 20. Ne4 fxe3 21. Qe2 Rf4 22. Qxe3
Rb8 23. Kf2 Qd7 24. Kg3 h5 25. Qe2 Rbf8 26. Ng5 Bc8 27. gxh5 Nxh5+ 28. Kf2 Qg7
29. Rag1 Qf6 30. Ke1 Bf5 31. Ne6 Bxd3 32. Qxd3 e4 33. Qd2 exf3 34. Nxf4 Nxf4
35. Kd1 Re8 36. Re1 Ne2 37. Qh6+ Kg8 38. Rhg1 Kf7 39. Qh7+ Qg7 40. Qxg7+ Kxg7
41. Rgf1 Re3 42. Kd2 Rxc3 43. Rb1 Rxc4 44. Rxf3 Nf4 45. Rb7+ Kh6 46. Rxa7 Rd4+
47. Kc2 Nxd5 48. Rxa5 Rxh4 49. Ra8 Rc4+ 50. Kb3 Rb4+ 51. Ka3 Nb6 52. Ra6 Nc4+
53. Ka2 g5 54. Rb3 Kh5 55. Rxb4 cxb4 56. Kb3 Nd2+ 57. Kxb4 Ne4 58. Rc6 Nc5 59.
a5 Nd3+ 60. Kc3 Nc5 61. Rxc5 1-0

[Event "M.Chigorin Memorial"]
[Site "St. Petersburg RUS"]
[Date "2009.10.18"]
[Round "3.67"]
[White "Matsenko, Sergei"]
[Black "Berdychevaskaya, Natasha"]
[Result "1-0"]
[WhiteElo "2429"]
[BlackElo "2215"]
[PlyCount "113"]
[EventDate "2009.??.??"]

1. e4 e5 2. Nf3 Nc6 3. Bb5 a6 4. Ba4 Nf6 5. O-O Be7 6. Re1 b5 7. Bb3 d6 8. c3
O-O 9. h3 Na5 10. Bc2 c5 11. d4 Qc7 12. Nbd2 Nc6 13. d5 Nd8 14. Nf1 Ne8 15. Ng3
g6 16. Bh6 Ng7 17. Qd2 f6 18. Nh2 Nf7 19. Be3 Rb8 20. Rf1 Bd7 21. f4 exf4 22.
Bxf4 Ne5 23. Nf3 b4 24. b3 bxc3 25. Qxc3 Qb6 26. Kh2 Qb4 27. Qxb4 Rxb4 28. Nxe5
fxe5 29. Bd2 Rbb8 30. Bd3 Bb5 31. Bxb5 Rxb5 32. Rxf8+ Bxf8 33. Rc1 Rb8 34. Rc4
Ne8 35. Nf1 Nf6 36. Ra4 Ra8 37. Bg5 Be7 38. Bxf6 Bxf6 39. Ne3 Kf7 40. Nc4 Be7
41. Kg3 Ke8 42. Kf3 Kd8 43. Ke2 Kc7 44. Kd3 Kb7 45. b4 Rc8 46. Na5+ Kb6 47. Nc6
Bf6 48. bxc5+ dxc5 49. Kc4 Bg7 50. Ra3 Re8 51. Rb3+ Kc7 52. Na5 Bf8 53. Rb7+
Kc8 54. Rxh7 Be7 55. Nc6 Bf8 56. Ra7 Bd6 57. a4 1-0

[Event "M.Chigorin Memorial"]
[Site "St. Petersburg RUS"]
[Date "2009.10.18"]
[Round "3.68"]
[White "Utegaliyev, Azamat"]
[Black "Denisov, Ivan"]
[Result "1/2-1/2"]
[WhiteElo "2427"]
[BlackElo "2208"]
[PlyCount "87"]
[EventDate "2009.??.??"]

1. b3 e5 2. Bb2 Nc6 3. e3 Nf6 4. Bb5 Bd6 5. Na3 Be7 6. Nc4 e4 7. Bxc6 bxc6 8.
Ne2 O-O 9. O-O d5 10. Na5 Qd6 11. h3 c5 12. a3 Qb6 13. Bc3 Ba6 14. Re1 Nd7 15.
d4 exd3 16. cxd3 Bf6 17. b4 cxb4 18. axb4 Bxc3 19. Nxc3 d4 20. exd4 Qxb4 21.
Ne4 Bb5 22. Qh5 a6 23. d5 Qd4 24. Nb3 Qxd3 25. Re3 Qc2 26. Rae1 Rae8 27. Nd4
Qb2 28. Nxb5 axb5 29. Qf5 Rd8 30. d6 cxd6 31. Nxd6 Qf6 32. Qxf6 Nxf6 33. Nxb5
Rfe8 34. Nc3 Rxe3 35. Rxe3 g6 36. g4 h6 37. Kh2 Kg7 38. Kg3 Rd2 39. Rf3 Rc2 40.
Kg2 Rc1 41. Ne2 Rc4 42. Rd3 Rc5 43. Rd4 h5 44. Ng3 1/2-1/2

[Event "M.Chigorin Memorial"]
[Site "St. Petersburg RUS"]
[Date "2009.10.18"]
[Round "3.69"]
[White "Marzano, Carlo"]
[Black "Bukavshin, Ivan"]
[Result "0-1"]
[WhiteElo "2209"]
[BlackElo "2417"]
[PlyCount "78"]
[EventDate "2009.??.??"]

1. Nc3 c5 2. Nf3 Nc6 3. g3 g6 4. Bg2 Bg7 5. e4 Nf6 6. O-O O-O 7. d3 d6 8. h3
Rb8 9. a4 a6 10. Be3 b5 11. axb5 axb5 12. Qd2 b4 13. Ne2 Nd7 14. Rab1 Re8 15.
Nh4 Ba6 16. c4 bxc3 17. bxc3 Nde5 18. Rxb8 Qxb8 19. Nc1 Na5 20. f4 Nec6 21. Nf3
Qb1 22. Rd1 Rb8 23. Ne2 Qb2 24. Qxb2 Rxb2 25. Bf1 f5 26. exf5 gxf5 27. c4 Nb3
28. Bf2 Nb4 29. Ng5 Bf6 30. Nf3 Bb7 31. Ne1 Nd2 32. d4 Nxf1 33. Kxf1 Ba6 34.
Rc1 d5 35. Nc3 Bxc4+ 36. Kg1 cxd4 37. Na4 Ra2 38. Nb6 d3 39. Nf3 d2 0-1

[Event "M.Chigorin Memorial"]
[Site "St. Petersburg RUS"]
[Date "2009.10.18"]
[Round "3.70"]
[White "Merzliakov, Evgeny"]
[Black "Malakhov, Igor"]
[Result "0-1"]
[WhiteElo "2207"]
[BlackElo "2414"]
[PlyCount "74"]
[EventDate "2009.??.??"]

1. d4 Nf6 2. Nf3 c5 3. e3 e6 4. Bd3 b6 5. O-O Bb7 6. Nbd2 d6 7. b3 Be7 8. Bb2
O-O 9. Qe2 Nbd7 10. Rad1 Qc7 11. c4 Rfe8 12. e4 cxd4 13. Nxd4 a6 14. Bb1 d5 15.
Rfe1 Bd6 16. N4f3 Bb4 17. e5 Ne4 18. a3 Nxd2 19. Nxd2 Bf8 20. Rc1 Qd8 21. Rc3
g6 22. Rh3 Rc8 23. Nf3 Bg7 24. Rg3 dxc4 25. bxc4 Qc7 26. Ba2 Red8 27. Ng5 Bxe5
28. Bxe5 Qxe5 29. Qd2 Nc5 30. Qc1 Qf6 31. Qb1 Rd2 32. Rf1 Qb2 33. Qxb2 Rxb2 34.
Bb1 Rd8 35. h4 h6 36. Nf3 Ne4 37. Rg4 Nc3 0-1

[Event "M.Chigorin Memorial"]
[Site "St. Petersburg RUS"]
[Date "2009.10.18"]
[Round "3.71"]
[White "Skomorokhin, Roman"]
[Black "Naumenko, Oleg"]
[Result "1-0"]
[WhiteElo "2413"]
[BlackElo "2207"]
[PlyCount "69"]
[EventDate "2009.??.??"]

1. d4 d5 2. c4 e6 3. Nc3 c6 4. e3 Nf6 5. Nf3 Nbd7 6. Qc2 Bd6 7. Bd3 a6 8. O-O
dxc4 9. Bxc4 b5 10. Be2 c5 11. Ne4 Nxe4 12. Qxe4 Rb8 13. Rd1 Nf6 14. Qh4 Qc7
15. e4 cxd4 16. Bg5 e5 17. Bxf6 gxf6 18. Qxf6 Rg8 19. Qh6 Bf8 20. Qxh7 Rg7 21.
Qh8 Rb6 22. Rac1 Rc6 23. Rxc6 Qxc6 24. Qh5 Bd6 25. Qh8+ Bf8 26. Qh5 Bd6 27. Qh6
Rg6 28. Qh8+ Ke7 29. Nxe5 Bxe5 30. Qxe5+ Be6 31. Qxd4 Bxa2 32. Qb4+ Ke8 33. Qa5
Kf8 34. Qxa2 Qxe4 35. Bf1 1-0

[Event "M.Chigorin Memorial"]
[Site "St. Petersburg RUS"]
[Date "2009.10.18"]
[Round "3.72"]
[White "Solovyov, Viktor"]
[Black "Gorovykh, Eduard"]
[Result "0-1"]
[WhiteElo "2204"]
[BlackElo "2403"]
[PlyCount "58"]
[EventDate "2009.??.??"]

1. Nf3 Nf6 2. c4 g6 3. Nc3 Bg7 4. e4 d6 5. d4 O-O 6. Be2 Nbd7 7. O-O e5 8. d5
Nh5 9. g3 Bf6 10. Be3 Ng7 11. b4 Be7 12. Nd2 f5 13. f3 a6 14. Nb3 Bg5 15. Bf2
Nf6 16. c5 fxe4 17. fxe4 Bh3 18. Re1 b6 19. Bf3 h5 20. Be3 Bxe3+ 21. Rxe3 Ng4
22. Re1 Rf7 23. Qe2 Qe7 24. Nd2 dxc5 25. Nc4 Raf8 26. Bh1 Rf2 27. Qd3 cxb4 28.
d6 Qf7 29. Nd5 Rg2+ 0-1

[Event "M.Chigorin Memorial"]
[Site "St. Petersburg RUS"]
[Date "2009.10.18"]
[Round "3.73"]
[White "Kosov, Ivan"]
[Black "Inants, Aghasi"]
[Result "1-0"]
[WhiteElo "2396"]
[BlackElo "2192"]
[PlyCount "85"]
[EventDate "2009.??.??"]

1. e4 e5 2. Nf3 Nc6 3. Nc3 Nf6 4. g3 d5 5. exd5 Nxd5 6. Bg2 Be6 7. O-O Be7 8.
Re1 f6 9. d4 O-O 10. Nxd5 Bxd5 11. dxe5 fxe5 12. c3 e4 13. Nd4 Ne5 14. Bxe4 c5
15. Bxd5+ Qxd5 16. f4 cxd4 17. Rxe5 Qd7 18. Qxd4 Qxd4+ 19. cxd4 Bf6 20. Re2
Bxd4+ 21. Be3 Rfe8 22. Kf2 Rxe3 23. Rxe3 Re8 24. Rae1 Kf7 25. Kf3 Bxe3 26. Rxe3
Rc8 27. Re2 Rc1 28. Ke4 Ke6 29. g4 h6 30. Kf3+ Kf7 31. Rd2 Ke6 32. f5+ Ke7 33.
h4 Rh1 34. Kg3 Rg1+ 35. Rg2 Re1 36. Rc2 Kd7 37. g5 hxg5 38. hxg5 Re4 39. Kf3
Rb4 40. Re2 Rb6 41. b3 Rb4 42. f6 gxf6 43. g6 1-0

[Event "M.Chigorin Memorial"]
[Site "St. Petersburg RUS"]
[Date "2009.10.18"]
[Round "3.74"]
[White "Khuseinkhodzhaev, Muhammad"]
[Black "Kushka, Alena"]
[Result "1/2-1/2"]
[WhiteElo "2391"]
[BlackElo "2182"]
[PlyCount "86"]
[EventDate "2009.??.??"]

1. Nf3 c5 2. c4 g6 3. g3 Bg7 4. Bg2 Nc6 5. Nc3 e6 6. O-O Nge7 7. d3 O-O 8. Ne4
d6 9. Bf4 e5 10. Bg5 f6 11. Bd2 Be6 12. a3 b6 13. b4 Qd7 14. Rb1 Rad8 15. Re1
h6 16. Nc3 f5 17. Qc1 f4 18. e3 fxg3 19. hxg3 Rf7 20. Nh2 Rdf8 21. Nd1 Bh3 22.
Bh1 h5 23. b5 Nd8 24. e4 Ne6 25. a4 h4 26. Be3 hxg3 27. fxg3 Nd4 28. Rb2 Bg4
29. Rf2 Rxf2 30. Nxf2 Bf3 31. Bxd4 Bxh1 32. Kxh1 exd4 33. Nfg4 Qe6 34. Kg2 Rf7
35. Qg5 Nf5 36. Qd2 Ne3+ 37. Nxe3 dxe3 38. Qxe3 Bd4 39. Qh6 Rf2+ 40. Kh1 Qf7
41. Qh3 Rxh2+ 42. Qxh2 Qf3+ 43. Qg2 Qh5+ 1/2-1/2

[Event "M.Chigorin Memorial"]
[Site "St. Petersburg RUS"]
[Date "2009.10.18"]
[Round "3.75"]
[White "Kobzar, Alexandr"]
[Black "Bodnaruk, Anastasia"]
[Result "0-1"]
[WhiteElo "2198"]
[BlackElo "2384"]
[PlyCount "48"]
[EventDate "2009.??.??"]

1. e4 c5 2. Nf3 d6 3. d4 cxd4 4. Nxd4 Nf6 5. Nc3 a6 6. Bg5 e6 7. Qe2 Nbd7 8.
O-O-O Be7 9. h4 O-O 10. f4 Qc7 11. g4 Nb6 12. Rg1 Re8 13. h5 Bd7 14. Bh4 Nxe4
15. Qxe4 Bxh4 16. Bd3 f5 17. gxf5 exf5 18. Qg2 Bf6 19. Nxf5 Bxf5 20. Bxf5 Bxc3
21. bxc3 Qxc3 22. Kb1 Na4 23. Kc1 Qa3+ 24. Kd2 Qe3# 0-1

[Event "M.Chigorin Memorial"]
[Site "St. Petersburg RUS"]
[Date "2009.10.18"]
[Round "3.76"]
[White "Aleshin, Oleg"]
[Black "Savinov, Leonid"]
[Result "1-0"]
[WhiteElo "2377"]
[BlackElo "2167"]
[PlyCount "101"]
[EventDate "2009.??.??"]

1. d4 d5 2. c4 c6 3. Nf3 Nf6 4. Nc3 e6 5. e3 Nbd7 6. Qc2 Bd6 7. b3 O-O 8. Be2
e5 9. cxd5 cxd5 10. Nb5 Bb4+ 11. Bd2 Bxd2+ 12. Nxd2 exd4 13. Nxd4 Ne5 14. O-O
Bg4 15. Bxg4 Nexg4 16. h3 Rc8 17. Qf5 Nh6 18. Qd3 Re8 19. Rfd1 a6 20. b4 Ne4
21. Rac1 Qh4 22. Nxe4 dxe4 23. Qb3 Qf6 24. Qd5 Qe7 25. Rc5 Red8 26. Qb3 Rxc5
27. bxc5 g6 28. Rc1 Nf5 29. Nxf5 gxf5 30. Qb6 Rc8 31. Qa7 Rc6 32. Qb8+ Kg7 33.
Qg3+ Rg6 34. Qf4 Qg5 35. Qxg5 Rxg5 36. c6 bxc6 37. Rc5 Rg6 38. Rxf5 Rd6 39. Ra5
Kf6 40. Rxa6 Rd1+ 41. Kh2 Rc1 42. a4 Ke5 43. Ra7 Ke6 44. a5 Rc5 45. a6 Ra5 46.
Ra8 h5 47. Kg3 Kd5 48. Kf4 Ra2 49. a7 Kc4 50. Kxe4 h4 51. Rc8 1-0

[Event "M.Chigorin Memorial"]
[Site "St. Petersburg RUS"]
[Date "2009.10.18"]
[Round "3.77"]
[White "Donskov, Anatoly"]
[Black "Shchukin, Dmitry"]
[Result "0-1"]
[WhiteElo "2194"]
[BlackElo "2368"]
[PlyCount "98"]
[EventDate "2009.??.??"]

1. e4 c5 2. Nf3 d6 3. d4 cxd4 4. Nxd4 Nf6 5. Nc3 Nc6 6. Be2 e6 7. O-O Be7 8.
Kh1 O-O 9. f4 Qc7 10. Be3 a6 11. a4 Bd7 12. Nb3 b6 13. Bf3 Rab8 14. g4 h6 15.
Qe1 Nb4 16. Rc1 d5 17. e5 Ne4 18. Nxe4 dxe4 19. Bxe4 Bc6 20. Nd2 Rfc8 21. Qg3
Nxc2 22. Qf3 Bxe4 23. Nxe4 Qb7 24. Bg1 Rc4 25. Nd2 Qxf3+ 26. Rxf3 Rc6 27. Ne4
Rbc8 28. Rc3 Rxc3 29. Nxc3 Nb4 30. Rd1 Bc5 31. Bxc5 Rxc5 32. Rd8+ Kh7 33. Kg2
Rc4 34. Kg3 g5 35. f5 Nc6 36. fxe6 fxe6 37. Rd7+ Kg6 38. Rd6 Kf7 39. h3 Ke7 40.
Kg2 a5 41. Kg3 Nxe5 42. Rxb6 Nd3 43. Kg2 Kd7 44. Kf3 Nxb2 45. Ne4 Nxa4 46. Nf6+
Kd8 47. Rxe6 Nc5 48. Rc6 a4 49. Ne4 Nxe4 0-1

[Event "M.Chigorin Memorial"]
[Site "St. Petersburg RUS"]
[Date "2009.10.18"]
[Round "3.78"]
[White "Predke, Alexandr"]
[Black "Balaian, Alina"]
[Result "1-0"]
[WhiteElo "2361"]
[BlackElo "2148"]
[PlyCount "49"]
[EventDate "2009.??.??"]

1. c4 e5 2. Nc3 Nc6 3. g3 g6 4. Bg2 d6 5. d3 Be6 6. Nf3 h6 7. d4 Bd7 8. Be3 Bg7
9. Qd2 f5 10. dxe5 dxe5 11. Rd1 e4 12. Nd4 Ne5 13. b3 Ne7 14. O-O Ng4 15. f3
exf3 16. exf3 Ne5 17. Rfe1 Qc8 18. Bf4 N5c6 19. Ndb5 O-O 20. Qxd7 a6 21. Qxc8
Raxc8 22. Nd5 Nxd5 23. cxd5 axb5 24. dxc6 bxc6 25. Be5 1-0

[Event "M.Chigorin Memorial"]
[Site "St. Petersburg RUS"]
[Date "2009.10.18"]
[Round "3.79"]
[White "Bratus, Petr P"]
[Black "Battaglini, Gabriel"]
[Result "0-1"]
[WhiteElo "2189"]
[BlackElo "2360"]
[PlyCount "40"]
[EventDate "2009.??.??"]

1. e4 c6 2. d4 d5 3. Nc3 dxe4 4. Nxe4 Bf5 5. Ng3 Bg6 6. Nf3 Nd7 7. Bd3 e6 8.
O-O Ngf6 9. Re1 Be7 10. Bf4 Nd5 11. Be3 Nxe3 12. Rxe3 O-O 13. Bxg6 hxg6 14. Ne4
Qb6 15. Rb3 Qc7 16. Qe2 Rfd8 17. Rd1 a5 18. Rbd3 a4 19. Nfg5 Bxg5 20. Nxg5 Nf6
0-1

[Event "M.Chigorin Memorial"]
[Site "St. Petersburg RUS"]
[Date "2009.10.18"]
[Round "3.80"]
[White "Kovalev, Vladislav"]
[Black "Guzenko, Artem"]
[Result "1-0"]
[WhiteElo "2349"]
[BlackElo "2139"]
[PlyCount "49"]
[EventDate "2009.??.??"]

1. e4 c5 2. Nf3 e6 3. Nc3 d6 4. d4 cxd4 5. Nxd4 Nc6 6. Be3 Nf6 7. Bc4 Be7 8.
Qe2 O-O 9. O-O-O Bd7 10. Bb3 Qa5 11. Ndb5 d5 12. exd5 exd5 13. Nxd5 Nxd5 14.
Bxd5 Nb4 15. Nc3 Bf6 16. Bb3 Bxc3 17. Rxd7 Bf6 18. Bd2 Rac8 19. Qe4 Nxa2+ 20.
Kb1 Nc3+ 21. Bxc3 Rxc3 22. Rxf7 Rxb3 23. Rxf8+ Kxf8 24. cxb3 Qd2 25. Qc2 1-0

[Event "M.Chigorin Memorial"]
[Site "St. Petersburg RUS"]
[Date "2009.10.18"]
[Round "3.81"]
[White "Korchagina, Viktoria"]
[Black "Gerasimov, Ivan"]
[Result "1/2-1/2"]
[WhiteElo "2172"]
[BlackElo "2344"]
[PlyCount "63"]
[EventDate "2009.??.??"]

1. e4 c5 2. Nf3 d6 3. d4 cxd4 4. Nxd4 Nf6 5. Nc3 a6 6. Be3 e6 7. f3 b5 8. Qd2
b4 9. Nce2 e5 10. Nb3 Nc6 11. g4 h6 12. Ng3 Be6 13. O-O-O g6 14. Kb1 Qb8 15. g5
hxg5 16. Bxg5 Nd7 17. h4 a5 18. h5 a4 19. Nc1 gxh5 20. Nxh5 Rg8 21. f4 Nd4 22.
Nf6+ Nxf6 23. Bxf6 b3 24. cxb3 axb3 25. a3 Qc7 26. Bd3 Bc4 27. Qc3 Ra4 28. fxe5
Nb5 29. Qd2 Nd4 30. Qc3 Nb5 31. Qd2 Nd4 32. Qc3 1/2-1/2

[Event "M.Chigorin Memorial"]
[Site "St. Petersburg RUS"]
[Date "2009.10.18"]
[Round "3.82"]
[White "Korchmar, Vasiliy"]
[Black "Ponomarev, Dmitry"]
[Result "0-1"]
[WhiteElo "2163"]
[BlackElo "2343"]
[PlyCount "56"]
[EventDate "2009.??.??"]

1. e4 c6 2. d4 d5 3. e5 Bf5 4. Ne2 e6 5. Ng3 Bg6 6. h4 h5 7. Be2 c5 8. c3 Nc6
9. Be3 Qb6 10. O-O cxd4 11. cxd4 Qxb2 12. Nd2 Bc2 13. Qe1 Bb4 14. Bb5 Nge7 15.
Qe2 Bg6 16. Rfd1 Bxd2 17. Bxd2 a6 18. Bxc6+ Nxc6 19. Be3 Qxe2 20. Nxe2 Na5 21.
Nc3 b5 22. Bd2 Nc4 23. Be1 Kd7 24. Kf1 Rhb8 25. g3 a5 26. Ke2 Na3 27. f3 a4 28.
Kf2 b4 0-1

[Event "M.Chigorin Memorial"]
[Site "St. Petersburg RUS"]
[Date "2009.10.18"]
[Round "3.83"]
[White "Rjabzev, Konstantin"]
[Black "Vorobjev, Dmitry"]
[Result "1/2-1/2"]
[WhiteElo "2333"]
[BlackElo "2092"]
[PlyCount "84"]
[EventDate "2009.??.??"]

1. e4 c5 2. Nf3 d6 3. d4 cxd4 4. Nxd4 Nf6 5. Nc3 g6 6. Be3 Bg7 7. f3 O-O 8. Qd2
Nc6 9. O-O-O d5 10. exd5 Nxd5 11. Nxc6 bxc6 12. Bd4 Nxc3 13. Qxc3 Bh6+ 14. Be3
Bxe3+ 15. Qxe3 Qb6 16. Qc3 Be6 17. h4 Rfd8 18. Bd3 Qe3+ 19. Kb1 c5 20. h5 Qd4
21. hxg6 hxg6 22. Qxd4 Rxd4 23. Be2 Rad8 24. c3 Rxd1+ 25. Rxd1 Rxd1+ 26. Bxd1
Kg7 27. b3 Kf6 28. Kc2 Ke5 29. g3 g5 30. Kd3 f5 31. a3 Kd6 32. b4 Bf7 33. f4
cxb4 34. axb4 gxf4 35. gxf4 e5 36. c4 exf4 37. Kd4 Kc7 38. Bf3 Be6 39. c5 Bd7
40. Ke5 Bc6 41. Bxc6 Kxc6 42. Kxf4 a5 1/2-1/2